Φιλοσοφία του ανθρώπου
Saved in:
| Main Author: | |
|---|---|
| Format: | Book |
| Language: | Greek |
| Published: |
Αθήνα :
Gutenberg,
1991
|
| Edition: | 3η ξαναδουλεμένη και συμπληρωμένη έκδ. |
| Series: | Ιδέες και συστήματα ;
; 3 |
| Subjects: | |
| Tags: |
Add Tag
No Tags, Be the first to tag this record!
|
MARC
| LEADER | 00000nam a2200000 i 4500 | ||
|---|---|---|---|
| 001 | 1/45677 | ||
| 008 | 070607s1991 gre d | ||
| 020 | |a 960-01-0286-4 | ||
| 035 | |l 10088181 | ||
| 040 | |a GR-MY-UA |b gre |e aacr | ||
| 041 | 0 | |a gre | |
| 082 | 0 | |a 144 |2 (22) | |
| 100 | 1 | |a Μπιτσάκης, Ευτύχης Ι., |d 1927- | |
| 245 | 1 | 0 | |a Φιλοσοφία του ανθρώπου / |c Ευτύχης Ι. Μπιτσάκης |
| 250 | |a 3η ξαναδουλεμένη και συμπληρωμένη έκδ. | ||
| 260 | |a Αθήνα : |b Gutenberg, |c 1991 | ||
| 300 | |a 351 σ. ; |c 20 εκ. | ||
| 490 | 1 | |a Ιδέες και συστήματα |v ; 3 | |
| 504 | |a Περιέχει βιβλιογραφία | ||
| 650 | 0 | 0 | |a Philosophical anthropology. |
| 650 | 0 | 0 | |a Philosophy. |
| 830 | 0 | |a Ιδέες και συστήματα ; |v ; 3 | |
| 852 | |a INST |b LESVOS |e 20070607 |h 144 ΜΠΙ |p 005100037759 |q 005100037759 |t BK |y 0 | ||
| 901 | |a BIBL1-2007-2 | ||
| 909 | |a Λ |b 135333 | ||
| 922 | |a 1ΕΛΗ |b 200705 |c ΕΠΕΑΕΚ2/ΤΚΑ |d Σ. ΠΑΤΑΚΗΣ | ||
| 970 | |a ΧΑΤΖΗΜΙΧΑΗΛ |b ΜΑΡΙΑ |z 2007/06/07 | ||